Ч. 1 : Основные понятия. НРБ-99; Лекции по радиационной защите

Библиографические подробности
Источник:Лекции по радиационной защите: учебное пособие/ В. И. Беспалов; Томский политехнический университет. Ч. 1 : Основные понятия. НРБ-99.— : [Б. и.], 2001-2002
Язык:русский
Опубликовано: 2001
Предметы:
Формат: Книга
Запись в KOHA:https://koha.lib.tpu.ru/cgi-bin/koha/opac-detail.pl?biblionumber=25430

MARC

LEADER 00000nam2a2200000 4500
001 25430
005 20231030200939.0
035 |a (RuTPU)RU\TPU\book\25666 
035 |a BOOK00025741 
090 |a 25430 
100 |a 20011209d2001 m y0rusy50 ca 
101 0 |a rus 
102 |a RU 
105 |a y j 001zy 
200 0 |a Ч. 1 : Основные понятия. НРБ-99 
210 |d 2001 
215 |a 70 с. 
320 |a Библиогр. в конце лекций. 
461 1 |0 (RuTPU)RU\TPU\book\44056  |t Лекции по радиационной защите  |o учебное пособие  |f В. И. Беспалов  |g Томский политехнический университет  |v Ч. 1 : Основные понятия. НРБ-99  |n [Б. и.]  |d 2001-2002 
610 1 |a ядерная техника 
610 1 |a ядерные реакторы 
610 1 |a защита 
610 1 |a радиационная защита 
610 1 |a радиационная безопасность 
610 1 |a излучения 
610 1 |a источники 
610 1 |a облучения 
610 1 |a учебные пособия 
675 |a 621.039.584(075.8)  |v 3 
801 0 |a RU  |b 63413507  |c 20011209  |g PSBO 
801 2 |a RU  |b 63413507  |c 20210331  |g PSBO 
900 |a Радиационная и химическая защита 
900 |a Защита от фотонного излучения 
900 |a Физика защиты 
942 |c BK